|
|
|
|
| LEADER |
00000nam0a2200000 4500 |
| 001 |
59086 |
| 005 |
20231101211802.0 |
| 010 |
|
|
|a 5895024599
|
| 010 |
|
|
|a 5-89395-505-6
|
| 035 |
|
|
|a (RuTPU)RU\TPU\book\62440
|
| 090 |
|
|
|a 59086
|
| 100 |
|
|
|a 20031217d2003 m y0rusy50 ca
|
| 101 |
0 |
|
|a rus
|
| 102 |
|
|
|a RU
|
| 105 |
|
|
|a y j 000zy
|
| 200 |
1 |
|
|a Методы активизации профессионального и личностного самоопределения
|e Учебно-методическое пособие
|f Н. С. Пряжников
|g Российская академия образования; Московский психолого-социальный институт (МПСИ)
|
| 205 |
|
|
|a 2-е изд., стер.
|
| 210 |
|
|
|a Москва
|c Изд-во Московского психолого-социального ин-та
|a Воронеж
|c Модэк
|d 2003
|
| 215 |
|
|
|a 392 с.
|
| 225 |
1 |
|
|a Библиотека школьного психолога
|
| 610 |
1 |
|
|a психология
|
| 610 |
1 |
|
|a педагогическая психология
|
| 610 |
1 |
|
|a учителя
|
| 610 |
1 |
|
|a подростки
|
| 610 |
1 |
|
|a личность
|
| 610 |
1 |
|
|a самоопределение
|
| 610 |
1 |
|
|a профессии
|
| 610 |
1 |
|
|a профориентация
|
| 610 |
1 |
|
|a профориентационная работа
|
| 610 |
1 |
|
|a организация
|
| 610 |
1 |
|
|a профориентационные игры
|
| 610 |
1 |
|
|a упражнения
|
| 610 |
1 |
|
|a бланковые игры
|
| 610 |
1 |
|
|a методики
|
| 610 |
1 |
|
|a опросники
|
| 610 |
1 |
|
|a личностное самоопределение
|
| 610 |
1 |
|
|a методические пособия
|
| 610 |
1 |
|
|a учебные пособия
|
| 686 |
|
|
|a Ю940
|v LBC/SL-A
|2 rubbk
|
| 700 |
|
1 |
|a Пряжников
|b Н. С.
|g Николай Сергеевич
|
| 712 |
0 |
2 |
|a Российская академия образования
|2 stltpush
|3 (RuTPU)RU\TPU\col\1542
|9 23574
|
| 712 |
0 |
2 |
|a Московский психолого-социальный институт (МПСИ)
|2 stltpush
|3 (RuTPU)RU\TPU\col\10702
|
| 801 |
|
1 |
|a RU
|b 63413507
|c 20031217
|g PSBO
|
| 801 |
|
2 |
|a RU
|b 63413507
|c 20120405
|g PSBO
|
| 900 |
|
|
|a Социальная психология
|
| 942 |
|
|
|c BK
|
| 954 |
|
|
|a 521100
|b 020000
|